000 01179pam a2200361 a 4500
001 4629384
003 LC
005 20160317152346.0
008 781207s1979 nyu 000 1 eng
010 _a 78027492
020 _a9780345325327
040 _aDLC
_cDLC
_dDLC
043 _an-us---
050 0 0 _aPZ 4
_b.P317 1980
082 0 0 _aFIC
_bP27l 1979
100 1 _aPatterson, Richard North.
_917372
245 1 4 _aThe lasko tangent /
_cRichard North Patterson
260 _aNew York :
_bNorton,
_cc1980.
300 _a255 p. :
_c18 cm.
650 0 _aPublic prosecutors
_xFiction.
_917373
650 0 _aCommercial crimes
_xFiction.
_917374
650 0 _aMillionaires
_vFiction.
_917375
655 7 _aPolitical fiction.
_2lcsh
_91888
655 7 _aLegal stories.
_2gsafd
_914108
655 7 _aSuspense fiction.
_2gsafd
_96032
710 2 _aCopyright Paperback Collection (Library of Congress)
_5DLC
_9705
856 4 2 _3Publisher description
_uhttp://www.loc.gov/catdir/description/random048/78027492.html
906 _a7
_bcbc
_corignew
_d1
_eocip
_f19
_gy-gencatlg
942 _2lcc
_cBK
999 _c10706
_d10706